000 00233nam a2200097Ia 4500
005 20251222114409.0
008 251222s1900||||xx |||||||||||||| ||spa||
082 _aDVD0010/H12/2000
245 0 _aPrueba de vida:Proof Of Life
942 _cDVD
999 _c1956
_d1956